| 000 | nam a22 a 4500 | ||
|---|---|---|---|
| 999 |
_c3862 _d3862 |
||
| 005 | 20170524100214.0 | ||
| 008 | 170524b may||||| |||| 00| 0 eng d | ||
| 040 | _aAKMAL | ||
| 082 | _a382.91 RMC | ||
| 090 |
_a382.91 _bRMC |
||
| 110 |
_aRoyal Malaysian Customs , _bPublic Relation Unit, _97623 |
||
| 245 | 1 | 0 | _aBusiness Highway : The Challenges and Roles of Royal Malaysian Customs . |
| 260 |
_aPutrajaya: _bRoyal Malaysian Customs, _c[?] |
||
| 300 |
_a16pages; _bcol. ill.; _c16cm |
||
| 650 | 1 | 0 |
_aCustoms Administration _xLaw and legislation _96000 |
| 710 |
_aRoyal Malaysian Customs , _bPublic Relation Unit, _97623 |
||
| 942 |
_2ddc _cBOOK |
||
| 950 | _lAKMAL | ||